Programa de suport a empreses amb alt potencial de crixement
Descripción Física:
1 díptic ; il·lustracions ; gràfics ; 15 x 15 cm
Idioma:
Catalán
MARC
| LEADER | 00000nam a22000007a 4500 | ||
|---|---|---|---|
| 001 | 27872 | ||
| 003 | Arxiu | ||
| 005 | 20260324181516.0 | ||
| 008 | 230516b spa||||| |||| 00| 0 cat d | ||
| 017 | |a B 4096-2014 | ||
| 040 | |a agdb |b cat | ||
| 245 | |a Programa de suport a empreses amb alt potencial de crixement | ||
| 246 | |a Accelera el creixement | ||
| 260 | |a Barcelona : |b PIMEC : |b Diputació de Barcelona ; |c 2014 | ||
| 300 | |a 1 díptic ; |b il·lustracions ; gràfics ; |c 15 x 15 cm | ||
| 650 | 0 | |9 8414 |a Empreses públiques |x Direcció i administracio | |
| 650 | 0 | |9 56392 |a Consultors d'empreses | |
| 710 | |9 56393 |a PIMEC | ||
| 710 | 1 | |a Barcelona (Catalunya : Província). |b Diputació |9 52408 | |
| 942 | |2 udc |c ARXIU |n 1 | ||
| 952 | |0 0 |1 0 |2 udc |4 0 |6 FU7596 |7 1 |9 66340 |a Arxiu |b Arxiu |d 2023-05-16 |l 0 |o FU-75-96 |p 27872 |r 2023-05-16 00:00:00 |w 2023-05-16 |y ARXIU | ||
| 999 | |c 83458 |d 83458 | ||